Acta technica corviniensis bulletin of engineering.

Detalles Bibliográficos
Autor Corporativo: Universitatea "Politehnică" Timișoara. Facultatea de Inginerie Hunedoara
Formato: Electrónico Revista
Lenguaje:inglés
Publicado: Hunedoara, Romania : University Politehnica Timisoara, Faculty of Engineering Hunedoara
Materias:
Acceso en línea:Full text available from Research Library: 01/01/2011 to present

MARC

LEADER 00000nas a2200000 a 4500
001 ssj0000603414
003 WaSeSS
005 20200512172242.0
006 m d
007 cr n
008 110831c20089999rm qr p s 0 0eng c
010 |a  2012235125 
022 |a 2067-3809  |l 2067-3809 
035 |a (WaSeSS)ssj0000603414 
040 |a HNK  |b eng  |c HNK  |d HNK  |d HUL  |d AU@  |d OCLCQ  |d CUS  |d HLS  |d CUS  |d OCLCQ  |d OCLCF  |d OCLCQ  |d WT2  |d OCLCQ  |d U3W  |d OCLCQ  |d WaSeSS 
042 |a pcc 
050 1 4 |a TA1  |b .A382 
222 0 |a Acta Technica Corvininesis 
245 0 0 |a Acta technica corviniensis  |h [electronic resource] :  |b bulletin of engineering. 
246 3 |a Bulletin of engineering 
260 |a Hunedoara, Romania :  |b University Politehnica Timisoara, Faculty of Engineering Hunedoara 
310 |a Quarterly,  |b 2009- 
321 |a Annual,  |b 2008 
362 1 |a Began with: T. 1 (2008). 
506 |a License restrictions may limit access. 
588 0 |a T. 1 (2008); title from PDF cover (publisher's Web site, viewed Feb. 13, 2012). 
588 1 |a T. 5, fasc. 1 (Jan.-Mar. 2012). 
650 0 |a Engineering  |v Periodicals. 
650 0 |a Engineering  |x Research  |v Periodicals. 
650 7 |a Engineering.  |2 fast  |0 (OCoLC)fst00910312 
650 7 |a Engineering  |x Research.  |2 fast  |0 (OCoLC)fst00910387 
655 0 |a Electronic journals. 
710 2 |a Universitatea "Politehnică" Timișoara.  |b Facultatea de Inginerie Hunedoara. 
772 0 0 |t Annals of Faculty Engineering Hunedoara  |w (DLC) 2012235454  |w (OCoLC)748740331 
856 4 0 |z Full text available from Research Library: 01/01/2011 to present  |u https://search.proquest.com/publication/616471